000 00999nam a2200229Ia 4500
003 IT-RoPAU
005 20220918175756.0
008 120407s9999 xx 000 0 und d
040 _aIT-RoPAU
_cIT-RoPAU
040 _cIT-RoPAU
041 _aita
100 _aIvanov, Vladimir
_934027
245 _aIl grande libro delle icone russe
260 _c1987
_aCinisello Balsamo
_bEdizioni Paoline - Patriarcato di Mosca
300 _a227 p.
_c31 cm
300 _bill.
300 _c30 cm
490 _v1
520 _aPrefazione; L'antica pittura sacra russa dei secoli X-XII; La pittura sacra di Novgorod dei secoli XIII-XV; La pittura sacra di Pskov dei secoli XIII-XV; La pittura sacra di Mosca dei secoli XIV-XV; La pittura sacra del XVI secolo; La pittura sacra del XVII secolo; La pittura sacra del XVIII secolo; La pittura sacra del XIX secolo; La pittura sacra del XX secolo; Indice delle icone; Le icone tra Oriente e Occidente; Note bibliografiche.
942 _cBK
_2ddc
999 _c29455
_d29455